| 000 | 00561nam a22001817a 4500 | ||
|---|---|---|---|
| 003 | IT-RoPau | ||
| 005 | 20220918175936.0 | ||
| 008 | 121212b xxu||||| |||| 00| 0 eng d | ||
| 040 | _cIT-RoPau | ||
| 100 |
_aAlberione Giacomo _cssp _914 |
||
| 245 | _aPrediche alle Suore Pastorelle | ||
| 250 | _a1° ed. | ||
| 260 |
_aRoma _bCasa Generalizia Suore Pastorelle _c1980 |
||
| 300 |
_a255 p. _c16,5 cm |
||
| 490 | _avol. IV (serie grigia) | ||
| 520 | _aINDICE 1949 Ritiro Epifania; Ritiro marzo: la vita spirituale; Esercizi; Ritiro dicembre. | ||
| 942 |
_2ddc _cBK |
||
| 999 |
_c37649 _d37649 |
||